|
|
|
|
| LEADER |
00000naa2a2200000 4500 |
| 001 |
147391 |
| 005 |
20231031145028.0 |
| 035 |
|
|
|a (RuTPU)RU\TPU\book\159756
|
| 090 |
|
|
|a 147391
|
| 100 |
|
|
|a 20081113d2003 k y0rusy50 ca
|
| 101 |
0 |
|
|a rus
|
| 102 |
|
|
|a RU
|
| 200 |
1 |
|
|a Некоторые проблемы межкультурной коммуникации иностранных студентов
|f Н. И. Гузарова
|
| 463 |
|
0 |
|0 (RuTPU)RU\TPU\book\66854
|y 5-94154-027-2
|t Межэтнический и межконфессиональный диалог в российском обществе: проблемы толерантности
|o материалы межрегиональной научно-практической конференции
|f Администрация Томской области; Томский политехнический университет
|v С. 165-167
|d 2003
|p 181 с.
|
| 610 |
1 |
|
|a межкультурные коммуникации
|
| 610 |
1 |
|
|a иностранные студенты
|
| 610 |
1 |
|
|a университеты
|
| 610 |
1 |
|
|a международное образование
|
| 610 |
1 |
|
|a труды учёных ТПУ
|
| 700 |
|
1 |
|a Гузарова
|b Н. И.
|c историк
|c доцент Томского политехнического университета, кандидат исторических наук
|f 1955-
|g Надежда Ивановна
|2 stltpush
|3 (RuTPU)RU\TPU\pers\26631
|
| 801 |
|
1 |
|a RU
|b 63413507
|c 20081113
|g PSBO
|
| 801 |
|
2 |
|a RU
|b 63413507
|c 20160310
|g RCR
|
| 942 |
|
|
|c BK
|